000 00704nam a2200229Ia 4500
001 3293
003 GE_BSU
008 181216s||||||||xx |||||||||||||| ||und||
040 _cGE_BSU
080 _a539.3/.4(075.32)
100 _aМовнин,М.С. Израелит,А.Б.
245 _aТехническая механика. Часть вторая. Сопротивление материалов.
245 _bУчебник.
245 _cРед. А.И.Варковецкая.
250 _aИзд. 5-е.
260 _aЛ.
260 _bСудостроение.
260 _c1971.
300 _a328 стр. 21 см.
653 _aТехническая механика.
942 _cBK
999 _c37334
_d37334